[Event "Oskarja Memorial 10th"]
[Site "Chess.com INT"]
[Date "2021.01.16"]
[Round "13"]
[White "Bozanic, Ivica"]
[Black "Prskalo, Zoran"]
[Result "1-0"]
[WhiteElo "2101"]
[BlackElo "1924"]
[PlyCount "117"]
[EventDate "2021.01.16"]
[EventType "swiss (blitz)"]
[EventRounds "15"]
[EventCountry "SLO"]
[SourceTitle "CBM 200 Extra"]
[Source "ChessBase"]
[SourceDate "2021.03.31"]
[SourceVersion "1"]
[SourceVersionDate "2021.03.31"]
[SourceQuality "1"]

1. e4 c5 2. Nf3 g6 3. d4 Bg7 4. dxc5 Qa5+ 5. c3 Qxc5 6. Bd3 d6 7. Be3 Qc7 8. Na3 a6 9. 0-0 Nf6 10. h3 0-0 11. Nc4 Nbd7 12. Qe2 b5 13. Ncd2 Bb7 14. a4 bxa4 15. Rxa4 Nc5 16. Rc4 Qd7 17. Bxc5 dxc5 18. Rxc5 Rfd8 19. Bc4 Qd6 20. b4 Nd7 21. e5 Nxe5 22. Nxe5 Qxd2 23. Qxd2 Rxd2 24. Nxf7 Bxc3 25. Nd6+ Kg7 26. Nxb7 Bxb4 27. Rc7 Rc2 28. Nd6 Bxd6 29. Rc6 a5 30. Ra1 a4 31. Bd5 Rxc6 32. Bxc6 Ra6 33. Bxa4 Be5 34. Ra2 Rb6 35. g3 Rb2 36. Ra3 Bd4 37. Rf3 g5 38. Bc6 h5 39. Bd5 Bf6 40. Kg2 Rd2 41. Be6 Rd6 42. Bf5 Rd5 43. Be4 Rd4 44. Bf5 g4 45. hxg4 hxg4 46. Re3 Kh6 47. Re1 Kg5 48. Be6 Rd2 49. Re4 Rd4 50. Re2 Kh5 51. Rc2 Kg5 52. Rc5+ Kh6 53. Rf5 Rd2 54. Rf4 Bd4 55. Bxg4 Kg5 56. Bc8 Rc2 57. Bd7 e5 58. Rf5+ Kg4 59. Rxe5# 1-0

[Event "Oskarja Memorial 10th"]
[Site "Chess.com INT"]
[Date "2021.01.16"]
[Round "2"]
[White "Grein, Bogomir"]
[Black "Prskalo, Zoran"]
[Result "0-1"]
[WhiteElo "1731"]
[BlackElo "1924"]
[PlyCount "96"]
[EventDate "2021.01.16"]
[EventType "swiss (blitz)"]
[EventRounds "15"]
[EventCountry "SLO"]
[SourceTitle "CBM 200 Extra"]
[Source "ChessBase"]
[SourceDate "2021.03.31"]
[SourceVersion "1"]
[SourceVersionDate "2021.03.31"]
[SourceQuality "1"]

1. e4 c5 2. Nc3 g6 3. f4 Bg7 4. Nf3 d6 5. d3 Nc6 6. Be2 Nf6 7. 0-0 0-0 8. Qe1 Qb6 9. Kh1 Nd4 10. Bd1 Bg4 11. Qh4 Bxf3 12. gxf3 Rfe8 13. Rb1 Qa5 14. a3 b5 15. Be3 b4 16. axb4 Qxb4 17. Ne2 Nxe2 18. Bxe2 a5 19. b3 Qc3 20. Qe1 Qb4 21. Bd2 Qb6 22. Ra1 a4 23. bxa4 Nh5 24. a5 Qb2 25. Qc1 Qxa1 26. Qxa1 Bxa1 27. Rxa1 Reb8 28. Ra2 e6 29. Kg2 Kf8 30. Kf2 Ke7 31. Ke3 Kd7 32. d4 cxd4+ 33. Kxd4 Nf6 34. a6 Ne8 35. c4 Nc7 36. c5 Kc6 37. cxd6 Kxd6 38. e5+ Kc6 39. Bd3 Nd5 40. Be4 Rb6 41. Rc2+ Kd7 42. Bxd5 exd5 43. Kxd5 Raxa6 44. Be3 Rb5+ 45. Ke4 Ra4+ 46. Kd3 Rb3+ 47. Ke2 Raa3 48. Rd2+ Ke8 0-1

[Event "Oskarja Memorial 10th"]
[Site "Chess.com INT"]
[Date "2021.01.16"]
[Round "7"]
[White "Prskalo, Zoran"]
[Black "Jalovec, Igor"]
[Result "1-0"]
[WhiteElo "1924"]
[BlackElo "1362"]
[PlyCount "95"]
[EventDate "2021.01.16"]
[EventType "swiss (blitz)"]
[EventRounds "15"]
[EventCountry "SLO"]
[SourceTitle "CBM 200 Extra"]
[Source "ChessBase"]
[SourceDate "2021.03.31"]
[SourceVersion "1"]
[SourceVersionDate "2021.03.31"]
[SourceQuality "1"]

1. e4 e5 2. Nf3 Nc6 3. Bb5 a6 4. Ba4 Nf6 5. d3 b5 6. Bb3 d6 7. c3 Be7 8. h3 0-0 9. 0-0 Nb8 10. Re1 Bb7 11. Nbd2 Nbd7 12. d4 c5 13. d5 c4 14. Bc2 Re8 15. Nf1 Bf8 16. Ng3 g6 17. Bg5 Bg7 18. Qd2 Qc7 19. Nh2 Nc5 20. h4 Bc8 21. Bh6 Bd7 22. Bxg7 Kxg7 23. h5 Nxh5 24. Nxh5+ gxh5 25. Qg5+ Kh8 26. Qf6+ Kg8 27. Re3 Bg4 28. Rg3 Qc8 29. f3 Nd7 30. Qg5+ Kh8 31. fxg4 hxg4 32. Nxg4 Rg8 33. Qh4 Rg7 34. Rh3 Qg8 35. Rf1 Rf8 36. Bd1 f6 37. Rf5 Rff7 38. Bf3 Qf8 39. Nh6 Re7 40. Rh5 Nc5 41. Nf5 Nd3 42. Nxd6 Nf4 43. Nf5 Nxh5 44. Qxh5 Rd7 45. Nxg7 Rxg7 46. Qf5 Qc5+ 47. Kh2 Qf2 48. Qxf6 1-0

[Event "Oskarja Memorial 10th"]
[Site "Chess.com INT"]
[Date "2021.01.16"]
[Round "11"]
[White "Prskalo, Zoran"]
[Black "Ribic, Ivan"]
[Result "0-1"]
[WhiteElo "1924"]
[BlackElo "2165"]
[PlyCount "72"]
[EventDate "2021.01.16"]
[EventType "swiss (blitz)"]
[EventRounds "15"]
[EventCountry "SLO"]
[SourceTitle "CBM 200 Extra"]
[Source "ChessBase"]
[SourceDate "2021.03.31"]
[SourceVersion "1"]
[SourceVersionDate "2021.03.31"]
[SourceQuality "1"]

1. e4 Nf6 2. e5 Nd5 3. d4 d6 4. Nf3 Bg4 5. Be2 e6 6. c4 Nb6 7. exd6 cxd6 8. b3 Be7 9. Bb2 0-0 10. Nbd2 d5 11. c5 Nc8 12. 0-0 Nc6 13. Ne5 Nxe5 14. Bxg4 Nxg4 15. Qxg4 Bf6 16. Nf3 Ne7 17. Rae1 Nc6 18. h4 b6 19. Ne5 Bxe5 20. dxe5 bxc5 21. Bc1 Kh8 22. h5 h6 23. Qf3 Nd4 24. Qd3 Qh4 25. Ba3 Rac8 26. Rc1 Qxh5 27. Bxc5 Ne2+ 28. Qxe2 Qxe2 29. Bxf8 Rxf8 30. Rfe1 Qxa2 31. b4 Qa4 32. Rb1 Qb5 33. Ra1 Qxb4 34. Reb1 Qd4 35. Re1 Rc8 36. Kf1 Rc7 0-1

[Event "Oskarja Memorial 10th"]
[Site "Chess.com INT"]
[Date "2021.01.16"]
[Round "1"]
[White "Prskalo, Zoran"]
[Black "Subelj, Jan"]
[Result "0-1"]
[WhiteElo "1924"]
[BlackElo "2238"]
[PlyCount "68"]
[EventDate "2021.01.16"]
[EventType "swiss (blitz)"]
[EventRounds "15"]
[EventCountry "SLO"]
[SourceTitle "CBM 200 Extra"]
[Source "ChessBase"]
[SourceDate "2021.03.31"]
[SourceVersion "1"]
[SourceVersionDate "2021.03.31"]
[SourceQuality "1"]

1. g3 d5 2. Bg2 Nf6 3. Nf3 g6 4. c4 d4 5. d3 Bg7 6. 0-0 0-0 7. e3 c5 8. exd4 cxd4 9. Re1 Nc6 10. Nbd2 Bf5 11. Nb3 a5 12. Nh4 Bg4 13. f3 Bc8 14. f4 a4 15. Nc5 Bg4 16. Bf3 Bxf3 17. Qxf3 Qa5 18. Re5 Nxe5 19. fxe5 Qxc5 20. exf6 Bxf6 21. Ng2 b5 22. cxb5 Qxb5 23. Rb1 Rac8 24. Qe2 Qd5 25. b3 axb3 26. axb3 Rc3 27. b4 Rfc8 28. Bf4 Rc2 29. Qf1 Ra2 30. Rc1 Rxc1 31. Bxc1 Ra1 32. h4 Qc6 33. Qf4 Qxc1+ 34. Qxc1 Rxc1+ 0-1

[Event "Oskarja Memorial 10th"]
[Site "Chess.com INT"]
[Date "2021.01.16"]
[Round "10"]
[White "Prskalo, Zoran"]
[Black "Vukmirovic, Dusan"]
[Result "1/2-1/2"]
[WhiteElo "1924"]
[BlackElo "2107"]
[PlyCount "77"]
[EventDate "2021.01.16"]
[EventType "swiss (blitz)"]
[EventRounds "15"]
[EventCountry "SLO"]
[SourceTitle "CBM 200 Extra"]
[Source "ChessBase"]
[SourceDate "2021.03.31"]
[SourceVersion "1"]
[SourceVersionDate "2021.03.31"]
[SourceQuality "1"]

1. e4 c5 2. Nf3 Nc6 3. d4 cxd4 4. Nxd4 Nf6 5. Nc3 e6 6. Be3 Bb4 7. f3 d5 8. Nxc6 bxc6 9. exd5 Nxd5 10. Bd2 Nxc3 11. bxc3 Bc5 12. Bd3 0-0 13. Qe2 Qf6 14. Rb1 Qh4+ 15. g3 Qa4 16. Qe4 Qxe4+ 17. Bxe4 Bd7 18. Ke2 Rad8 19. Rhd1 f5 20. Bd3 e5 21. Bg5 Rde8 22. Bc4+ Be6 23. Bxe6+ Rxe6 24. Rd7 Bb6 25. Be3 c5 26. a4 f4 27. Bf2 e4 28. fxe4 Rxe4+ 29. Kd3 Rfe8 30. a5 c4+ 31. Kd2 Re2+ 32. Kc1 Bxf2 33. Rbb7 Rc8 34. Rxg7+ Kf8 35. Rxh7 Kg8 36. Rhg7+ Kf8 37. Rh7 Kg8 38. Rhg7+ Kf8 39. Rh7 1/2-1/2

[Event "Oskarja Memorial 10th"]
[Site "Chess.com INT"]
[Date "2021.01.16"]
[Round "4"]
[White "Prskalo, Zoran"]
[Black "Zagorac, Marko"]
[Result "1-0"]
[WhiteElo "1924"]
[BlackElo "1357"]
[PlyCount "91"]
[EventDate "2021.01.16"]
[EventType "swiss (blitz)"]
[EventRounds "15"]
[EventCountry "SLO"]
[SourceTitle "CBM 200 Extra"]
[Source "ChessBase"]
[SourceDate "2021.03.31"]
[SourceVersion "1"]
[SourceVersionDate "2021.03.31"]
[SourceQuality "1"]

1. e4 e5 2. Nf3 Nc6 3. Bb5 Bc5 4. c3 d6 5. 0-0 Bd7 6. d4 Bb6 7. Re1 a6 8. Ba4 Nf6 9. Bg5 0-0 10. Bxc6 bxc6 11. dxe5 dxe5 12. Nxe5 Be6 13. Bxf6 Qxf6 14. Nd3 Rad8 15. e5 Qf5 16. Nd2 Rxd3 17. Qe2 Rfd8 18. Nf3 Bc4 19. b3 Rxf3 20. Qxf3 Qxf3 21. gxf3 Be6 22. Re2 h6 23. Rae1 Kh7 24. Kg2 Rd3 25. c4 a5 26. Kg3 a4 27. Rb1 axb3 28. axb3 Rxb3 29. Rxb3 Bxc4 30. Rbb2 Bxe2 31. Rxe2 Kg6 32. Kg4 c5 33. f4 Kh7 34. f5 c4 35. Rc2 Kg8 36. Rxc4 Kh7 37. f4 Kg8 38. h4 Kh7 39. e6 fxe6 40. fxe6 Kg8 41. Kf5 Kf8 42. Kg6 Ke7 43. f5 Kd6 44. Kf7 Ke5 45. e7 Kxf5 46. e8Q 1-0

[Event "Oskarja Memorial 10th"]
[Site "Chess.com INT"]
[Date "2021.01.16"]
[Round "3"]
[White "Ule, Evald"]
[Black "Prskalo, Zoran"]
[Result "1-0"]
[WhiteElo "2190"]
[BlackElo "1924"]
[PlyCount "139"]
[EventDate "2021.01.16"]
[EventType "swiss (blitz)"]
[EventRounds "15"]
[EventCountry "SLO"]
[SourceTitle "CBM 200 Extra"]
[Source "ChessBase"]
[SourceDate "2021.03.31"]
[SourceVersion "1"]
[SourceVersionDate "2021.03.31"]
[SourceQuality "1"]

1. d4 g6 2. c4 Bg7 3. Nc3 c5 4. d5 d6 5. e4 Nf6 6. Be2 Qa5 7. Bd2 Qb6 8. Rb1 Nbd7 9. h3 a6 10. Nf3 0-0 11. 0-0 e5 12. Be3 Qc7 13. Qd2 Ne8 14. Bh6 f5 15. Bxg7 Kxg7 16. Ne1 f4 17. Nd3 Nef6 18. f3 g5 19. Qe1 Rg8 20. Qf2 Nf8 21. b4 b6 22. bxc5 bxc5 23. Qe1 Bd7 24. Qd2 Ng6 25. Rb2 h5 26. Nf2 Kh8 27. Rfb1 Rab8 28. Rxb8 Rxb8 29. Qc1 Qc8 30. Rxb8 Qxb8 31. Qb1 Qxb1+ 32. Nxb1 Kg7 33. Nc3 Ne7 34. Bd1 Nc8 35. Bb3 Nb6 36. Nd3 g4 37. hxg4 hxg4 38. Kf2 g3+ 39. Kf1 Ne8 40. a4 a5 41. Nb5 Kf7 42. Ke2 Ke7 43. Ne1 Kd8 44. Kd3 Kc8 45. Kc3 Kb7 46. Bc2 Kc8 47. Kb3 Kd8 48. Bd3 Nc7 49. Nxd6 Bxa4+ 50. Ka3 Bd1 51. Nf7+ Ke7 52. Nxe5 Na4 53. Ng6+ Kf6 54. Nxf4 Nc3 55. Kb2 Ke5 56. Kxc3 Kxf4 57. Bc2 Be2 58. Nd3+ Ke3 59. d6 Ne6 60. d7 Bxf3 61. Nxc5 Nd8 62. e5 Bxg2 63. e6 Bc6 64. e7 g2 65. exd8Q g1Q 66. Qe7+ Kf4 67. Qd6+ Kg5 68. Qxc6 Qe3+ 69. Nd3 a4 70. d8Q+ 1-0

[Event "Zagreb-ch Seniors"]
[Site "Zagreb"]
[Date "2019.09.11"]
[Round "8"]
[White "Prskalo, Zoran"]
[Black "Golemovic, Tvrtko"]
[Result "1-0"]
[WhiteElo "1922"]
[BlackElo "1713"]
[PlyCount "94"]
[EventDate "2019.09.02"]
[EventType "swiss"]
[EventRounds "9"]
[EventCountry "CRO"]
[SourceTitle "EXT 2020"]
[Source "ChessBase"]
[SourceDate "2019.10.17"]
[SourceVersion "1"]
[SourceVersionDate "2019.10.17"]
[SourceQuality "1"]

1. e4 d5 2. exd5 Qxd5 3. Nc3 Qa5 4. d4 c6 5. Bd2 Qb6 6. Nf3 Bg4 7. Na4 Qc7 8. Be2 e6 9. Ne5 Bxe2 10. Qxe2 Nf6 11. c4 Be7 12. a3 0-0 13. 0-0 Nbd7 14. Nd3 Rfe8 15. Nc3 c5 16. Nb5 Qb6 17. dxc5 Bxc5 18. Nxc5 Nxc5 19. Be3 a6 20. b4 axb5 21. Bxc5 Qc7 22. cxb5 b6 23. Bd4 Nd5 24. Rfc1 Qf4 25. Be5 Qg5 26. Bb2 Rec8 27. Rc6 Re8 28. h3 Nf4 29. Qg4 Qxg4 30. hxg4 Nd5 31. Rc4 Ra4 32. Rac1 Raa8 33. g3 f6 34. Rc6 Kf7 35. Rd6 Red8 36. Rxd8 Rxd8 37. Rc6 Ke7 38. Bd4 Rb8 39. a4 Kd7 40. f4 Rb7 41. Kf2 Rb8 42. Kf3 g6 43. Ke4 Ra8 44. Bxb6 Rxa4 45. Bc5 Nxb4 46. Rd6+ Kc7 47. Rd4 Na6 1-0

[Event "Zagreb-ch Seniors"]
[Site "Zagreb"]
[Date "2019.09.06"]
[Round "5"]
[White "Banek, Kresimir"]
[Black "Prskalo, Zoran"]
[Result "1/2-1/2"]
[WhiteElo "1977"]
[BlackElo "1922"]
[PlyCount "133"]
[EventDate "2019.09.02"]
[EventType "swiss"]
[EventRounds "9"]
[EventCountry "CRO"]
[SourceTitle "EXT 2020"]
[Source "ChessBase"]
[SourceDate "2019.10.17"]
[SourceVersion "1"]
[SourceVersionDate "2019.10.17"]
[SourceQuality "1"]

1. e4 g6 2. d4 Bg7 3. Bc4 c5 4. Qf3 e6 5. d5 a6 6. a4 d6 7. Ne2 e5 8. Nbc3 b6 9. 0-0 Ne7 10. Bg5 Nd7 11. Qe3 h6 12. Bh4 g5 13. Bg3 Ng6 14. Rfb1 h5 15. f3 Bh6 16. Qd3 g4 17. Rf1 Nf6 18. Nd1 h4 19. Be1 Nf4 20. Nxf4 Bxf4 21. Bd2 Nh5 22. Ne3 Qg5 23. Bc1 gxf3 24. Rxf3 Rg8 25. Qf1 Bd7 26. Bd3 Ng3 27. hxg3 hxg3 28. Qe1 Qh4 29. Kf1 Qh2 30. Ke2 Bg4 31. Qf1 Bxf3+ 32. Qxf3 Qh1 33. Nf1 Qh4 34. Bxf4 exf4 35. Nd2 Kd7 36. Nc4 Kc7 37. c3 b5 38. Na5 c4 39. Bc2 Rae8 40. Rf1 Qh2 41. Nc6 f5 42. Nd4 fxe4 43. Bxe4 Re5 44. Ne6+ Kd7 45. Kd1 Re8 46. Qxf4 Qh5+ 47. Kd2 Rxd5+ 48. Bxd5 Qxd5+ 49. Nd4 Qxg2+ 50. Kc1 bxa4 51. Qf3 Qxf3 52. Rxf3 g2 53. Rf7+ Kc8 54. Nf3 Re1+ 55. Kd2 g1Q 56. Nxg1 Rxg1 57. Ra7 Ra1 58. Rxa6 Kc7 59. Kc2 Kd7 60. Ra7+ Ke6 61. Ra6 Ke5 62. Ra8 Ke4 63. Re8+ Kd5 64. Ra8 Kc6 65. Rc8+ Kb5 66. Rb8+ Kc6 67. Rc8+ 1/2-1/2

[Event "Zagreb-ch Seniors"]
[Site "Zagreb"]
[Date "2019.09.04"]
[Round "3"]
[White "Harapin, Bozidar"]
[Black "Prskalo, Zoran"]
[Result "0-1"]
[WhiteElo "1714"]
[BlackElo "1922"]
[PlyCount "78"]
[EventDate "2019.09.02"]
[EventType "swiss"]
[EventRounds "9"]
[EventCountry "CRO"]
[SourceTitle "EXT 2020"]
[Source "ChessBase"]
[SourceDate "2019.10.17"]
[SourceVersion "1"]
[SourceVersionDate "2019.10.17"]
[SourceQuality "1"]

1. e4 c5 2. Nf3 g6 3. c3 Bg7 4. Bc4 Nc6 5. 0-0 d6 6. h3 Nf6 7. Re1 Qc7 8. a3 0-0 9. d3 a6 10. Bf4 Na5 11. e5 Nh5 12. exd6 exd6 13. Bh2 Qc6 14. Nbd2 b5 15. Ba2 Nb7 16. Re7 Bf6 17. Re2 Bd7 18. Ne4 Bg7 19. Qd2 d5 20. Ng3 Nxg3 21. Bxg3 f6 22. Rae1 Rfe8 23. Rxe8+ Rxe8 24. Rxe8+ Bxe8 25. Qf4 Bf8 26. Qc7 Nd6 27. Qd8 Kf7 28. Nd2 Be7 29. Qb8 Nf5 30. Bh2 Qe6 31. Qc7 c4 32. g4 Nh4 33. Qg3 Qe1+ 34. Nf1 g5 35. Qe3 Qa1 36. Bxc4 dxc4 37. dxc4 Bc6 38. f4 Bg2 39. Qd3 Bc5+ 0-1

[Event "Zagreb op"]
[Site "Zagreb"]
[Date "1997.??.??"]
[Round "2"]
[White "Prskalo, Zoran"]
[Black "Ivanovic, Zeljko"]
[Result "0-1"]
[WhiteElo "2045"]
[BlackElo "2260"]
[PlyCount "54"]
[EventDate "1997.??.??"]
[EventType "swiss"]
[EventRounds "9"]
[EventCountry "CRO"]
[SourceTitle "EXT 1999"]
[Source "ChessBase"]
[SourceDate "1998.11.16"]
[SourceVersion "1"]
[SourceVersionDate "1998.11.16"]
[SourceQuality "1"]

1. e4 e5 2. Nf3 Nc6 3. Bb5 a6 4. Ba4 Nf6 5. 0-0 Be7 6. Re1 b5 7. Bb3 0-0 8. a4 Bb7 9. c3 d5 10. exd5 Nxd5 11. Nxe5 Nxe5 12. Rxe5 Nf4 13. d4 Nxg2 14. Qg4 Nh4 15. d5 Bf6 16. Rh5 g6 17. Bh6 Re8 18. Nd2 Bc8 19. Qg3 Nf5 20. Qg2 Nxh6 21. Rxh6 Bg5 22. Rxg6+ hxg6 23. d6 Bf5 24. Nf3 Bf6 25. dxc7 Qxc7 26. Nd4 Bxd4 27. cxd4 Qf4 0-1